| 000 | 01409cam a22003255a 4500 | ||
|---|---|---|---|
| 003 | EG-ScBUE | ||
| 005 | 20220628122216.0 | ||
| 008 | 180829t1994 enka f b 001 0 eng d | ||
| 020 | _a0471943428 | ||
| 020 | _a9780471943426 | ||
| 040 |
_aEG-ScBUE _beng _erda _cEG-ScBUE _dEG-ScBUE |
||
| 082 | 0 | 4 |
_a421.52 _bHAN _222 |
| 245 | 0 | 0 |
_aHandbook of spelling : _btheory, process, and intervention / _cedited by Gordon D. A. Brown and Nick C. Ellis, University of Wales, Bangor, UK. |
| 264 | 1 |
_aWest Sussex, England : _bJohn Wiley and Sons Ltd, _c[1994] |
|
| 264 | 4 | _cc1994 | |
| 300 |
_axiv, 542 pages ; _c25 cm |
||
| 336 |
_2rdacontent _atext _btxt |
||
| 337 |
_2rdamedia _aunmediated _bn |
||
| 338 |
_2rdacarrier _avolume _bnc |
||
| 504 | _aIncludes bibliographical references and index. | ||
| 520 | _aThis volume contains contributions from researchers at the forefront of cognitive and developmental psychology, linguistics and psycholinguistics, neuropsychology, computational approaches, connectionism and educational research. | ||
| 650 | 7 |
_aEnglish language _xOrthography and spelling _vHandbooks, manuals, etc. _2BUEsh |
|
| 650 | 7 |
_aEnglish language _xOrthography and spelling _xStudy and teaching. _2BUEsh |
|
| 651 | _2BUEsh | ||
| 653 |
_bHHUUEENN _cOctober2018 |
||
| 655 |
_vReading book _934232 |
||
| 700 | 1 |
_aBrown, Gordon D. A., _eeditor. |
|
| 700 | 1 |
_aEllis., Nick C., _eeditor. |
|
| 942 |
_2ddc _cBB |
||
| 999 |
_c2099 _d2099 |
||